000 00303nam a22001337a 4500
008 181101b xxu||||| |||| 00| 0 eng d
020 _a9780801663758
041 _aeng
080 _29th
_a591
100 _a7
101 _aZOO
245 _aIntegrated Principles of Zoology
_cHickamn
942 _2udc
_cBK
999 _c51531
_d51531